| 000 | 00415nam a2200157Ia 4500 | ||
|---|---|---|---|
| 008 | 230524s9999 xx 000 0 und d | ||
| 082 |
_a241.644 _bEVE |
||
| 100 | _aJames R.Evans | ||
| 245 | 0 | _a"Total Quality Management: Management, Organization& Strategy," | |
| 250 | _a4TH | ||
| 260 |
_aNEW DELHI _bCengage _c2005 |
||
| 300 | _aVIII;467 | ||
| 500 | _aQuantity Number: 2 | ||
| 650 | _aManagement | ||
| 942 | _cBK | ||
| 999 |
_c49330 _d49330 |
||